<?xml version="1.0" encoding="UTF-8"?>
<record
    xmlns:xsi="http://www.w3.org/2001/XMLSchema-instance"
    xsi:schemaLocation="http://www.loc.gov/MARC21/slim http://www.loc.gov/standards/marcxml/schema/MARC21slim.xsd"
    xmlns="http://www.loc.gov/MARC21/slim">

  <leader>01370nam a2200253Ia 4500</leader>
  <controlfield tag="003">OSt</controlfield>
  <controlfield tag="005">20200918132858.0</controlfield>
  <controlfield tag="008">191128s2014    ck aodbgr     000 0dspa d</controlfield>
  <datafield tag="020" ind1=" " ind2=" ">
    <subfield code="a">9789585841130</subfield>
  </datafield>
  <datafield tag="040" ind1=" " ind2=" ">
    <subfield code="a">CO-JMCR</subfield>
    <subfield code="c">CO-JMCR</subfield>
  </datafield>
  <datafield tag="041" ind1="0" ind2=" ">
    <subfield code="a">spa</subfield>
  </datafield>
  <datafield tag="082" ind1="0" ind2="4">
    <subfield code="a">911.86137 /</subfield>
    <subfield code="b">B275g</subfield>
    <subfield code="2">23</subfield>
  </datafield>
  <datafield tag="100" ind1="1" ind2=" ">
    <subfield code="a">Bernal Duffo, Eufrasio, </subfield>
    <subfield code="e">autor</subfield>
    <subfield code="9">10406</subfield>
  </datafield>
  <datafield tag="245" ind1="1" ind2="0">
    <subfield code="a">Geograf&#xED;a cultural e hist&#xF3;rica de Turmequ&#xE9; : </subfield>
    <subfield code="b">ilustrada / </subfield>
    <subfield code="c">Eufrasio Bernal Duffo</subfield>
  </datafield>
  <datafield tag="260" ind1=" " ind2=" ">
    <subfield code="a">Bogot&#xE1; :</subfield>
    <subfield code="b">Sociedad Geogr&#xE1;fica de Colombia, </subfield>
    <subfield code="c">2014</subfield>
  </datafield>
  <datafield tag="300" ind1=" " ind2=" ">
    <subfield code="a">376 p&#xE1;ginas : </subfield>
    <subfield code="b">ilustraciones, fotograf&#xED;as, gr&#xE1;ficos, mapas, pinturas y retratos a blanco y negro ; </subfield>
    <subfield code="c">23 cm.</subfield>
  </datafield>
  <datafield tag="500" ind1=" " ind2=" ">
    <subfield code="a">Incluye datos biogr&#xE1;ficos del autor.</subfield>
  </datafield>
  <datafield tag="505" ind1="0" ind2=" ">
    <subfield code="a">Ubicaci&#xF3;n conceptual -- Aspectos generales -- S&#xED;ntesis hist&#xF3;rica -- Manifestaciones religiosas -- Fiestas y eventos -- Artes pl&#xE1;sticas -- La pintura mural del templo de Turmequ&#xE9; -- Museos -- Manifestaciones musicales -- Manifestaciones ling&#xFC;isticas</subfield>
  </datafield>
  <datafield tag="520" ind1="3" ind2=" ">
    <subfield code="a">La Sociedad Geogr&#xE1;fica de Colombia, convencida de que se debe "pensar globalmente pero pensar localmente", ha puesto sus ojos en los territorios, que son la c&#xE9;dula primordial del tejido regional y este del tejido de la naci&#xF3;n</subfield>
  </datafield>
  <datafield tag="650" ind1="1" ind2="4">
    <subfield code="a">Ensayos Colombiano </subfield>
    <subfield code="y">Siglo XXI</subfield>
    <subfield code="9">10521</subfield>
  </datafield>
  <datafield tag="650" ind1="1" ind2="4">
    <subfield code="a">Turmequ&#xE9;</subfield>
    <subfield code="z">Boyac&#xE1;(Colombia)</subfield>
    <subfield code="9">10522</subfield>
  </datafield>
  <datafield tag="650" ind1="1" ind2="4">
    <subfield code="a">Costumbres populares</subfield>
    <subfield code="9">10523</subfield>
  </datafield>
  <datafield tag="942" ind1=" " ind2=" ">
    <subfield code="2">ddc</subfield>
    <subfield code="c">BK</subfield>
  </datafield>
  <datafield tag="999" ind1=" " ind2=" ">
    <subfield code="c">6360</subfield>
    <subfield code="d">6360</subfield>
  </datafield>
  <datafield tag="952" ind1=" " ind2=" ">
    <subfield code="0">0</subfield>
    <subfield code="1">0</subfield>
    <subfield code="2">ddc</subfield>
    <subfield code="4">0</subfield>
    <subfield code="7">0</subfield>
    <subfield code="8">NFIC</subfield>
    <subfield code="a">CPL</subfield>
    <subfield code="b">CPL</subfield>
    <subfield code="d">2016-10-25</subfield>
    <subfield code="e">Donaci&#xF3;n</subfield>
    <subfield code="o">911.86137 / B275g </subfield>
    <subfield code="p">430013143</subfield>
    <subfield code="r">2024-05-16 00:00:00</subfield>
    <subfield code="t">Ej.1</subfield>
    <subfield code="y">BK</subfield>
  </datafield>
</record>
